Movies Quiz

Random Movies or Celebrity Quiz

Movie Cast Match (2015) Quiz Stats

Quiz Updated Apr 17, 2016

Challenge
Share
Tweet
Embed
Score 0/40 Timer 08:00
18 Plays Today
% Correct
Avengers: Age of Ultron
90.2%
Magic Mike XXL
89.1%
Mission: Impossible - Rogue Nation
88.6%
Pitch Perfect 2
87.8%
Star Wars: Episode VII - The Force Awakens
86.4%
The Martian
84.2%
Spectre
83.3%
Terminator Genisys
82.9%
Jurassic World
81.8%
Ant-Man
81.6%
Mad Max: Fury Road
80.3%
Creed
79.3%
Sisters
79%
Inside Out
78.7%
Trainwreck
78.4%
Spy
78.3%
The Intern
76%
Get Hard
75.6%
Joy
75%
Bridge of Spies
74.4%
% Correct
Hotel Transylvania 2
73.9%
Kingsman: The Secret Service
73%
The Danish Girl
72.3%
The Hateful Eight
72.2%
The Big Short
70.9%
Concussion
70.7%
Pixels
68.6%
Steve Jobs
64.6%
Southpaw
64.2%
Spotlight
63.2%
Straight Outta Compton
63.2%
Black Mass
62.5%
Room
61.2%
The Man from U.N.C.L.E.
60.5%
Vacation
59.1%
Sicario
58.3%
The Night Before
52.7%
Trumbo
52.7%
Brooklyn
51.7%
Ex Machina
50.6%

You're not logged in!

Compare scores with friends on all Sporcle quizzes.
Join for Free
OR
Log In

You Might Also Like...

Show Comments

Extras

Top Quizzes Today


Score Distribution

Your Account Isn't Verified!

In order to create a playlist on Sporcle, you need to verify the email address you used during registration. Go to your Sporcle Settings to finish the process.

Report this User

Report this user for behavior that violates our Community Guidelines.

Details: